000 00611cam a22002173a 4500
001 36442
003 PGUSA
005 20140828083805.0
008 110616s2011||||xxu|||||s|||||000 | eng d
040 _aPGUSA
_beng
042 _adc
100 1 _aRuck, Berta,
_d1878-1978
245 1 4 _aThe Disturbing Charm
_h[electronic resource] /
_cBerta Ruck
260 _bProject Gutenberg,
_c2011
506 _aPublic domain in the USA.
516 _aElectronic text
700 1 _aCaswell, Edward C.,
_d1879-1963
830 0 _aProject Gutenberg
_v36442
856 4 0 _uhttp://www.gutenberg.org/ebooks/36442
942 _cEB
999 _c265697
_d265697